000 00779nam a22002297a 4500
999 _c1534
_d1534
005 20210325173506.0
008 s2529 th f tha d
020 _a9742104239
040 _aNALT
041 _atha
090 _aFIC
_bก434ม
100 1 _aกามูส์, อัลแบรต์
_96595
245 1 0 _aมนุษย์สองหน้า /
_cอัลแบรต์ กามูส์.
246 1 4 _aLa Clute
260 3 _aกรุงเทพฯ :
_bดวงกมล,
_c2529
300 _a81 หน้า.
650 4 _aนวนิยายฝรั่งเศส
_96597
700 1 _aกามูส์, อัลแบรต์
_96595
850 _aNALT
942 _cFIC
_2local
998 _j104
_k สายฝน ดีงาม